000 00804nacaa22001937u 4500
005 20260405041525.0
008 260405s1936 ii ||ggg|||ooo| 0 eeengdd d
041 _heng
110 _aGovernment of Bengal,
_bDepartment: Appointment,
_cBranch: Reforms,
_dList No. 117,
_eB-Proceedings
245 _aEnquiry by the A.G. Bengal about the appointment of Mr. W. Mcc. Sharpe, I.C.S. district Judge Dacca as Additional District Judge Jalpaiguri.
246 _aFile No. 5C-128/36
260 _c1936
300 _a6 P.
_cH-35 cm; W-22 cm
500 _aসচিবালয় রেকর্ডরুম সংগ্রহ (প্রথম পর্যায়)
650 _aJudge
_2Dacca
942 _cFL
_2ddc
_n0
999 _c71524
_d71524